000 01123cac a22002411u 4500
008 081112t2007 xxu||||| |||| 00| 0 eng d
010 _a94078325
020 _a0073123870
020 _a0073133922
020 _a0697145204
082 0 0 _a150
_bLAH
100 _aLahey, Benjamin B.
_926196
245 1 0 _aPsychology :
_bAn Introduction /
_cBenjamin B. Lahey.
250 _a9th ed.
260 _aMadison, Wis. :
_bBrown & Benchmark Publishers, 2007
_cc2007.
300 _a1v. :
_bcol. ill. ;
_c28 cm.+
_e2 CD-ROM (4 3/4 in.)
504 _aIncludes bibliographical references (p. 704-722) and indexes.
650 0 _aPsychology
_vTextbooks.
_926197
942 _cBB
_k150LAH
_2ddc
999 _c8699
_d8699